Red book (Record no. 109927)
[ view plain ]
| 000 -LEADER | |
|---|---|
| fixed length control field | 01216cad a22002655a 4500 |
| 001 - CONTROL NUMBER | |
| control field | E148168 |
| 008 - FIXED-LENGTH DATA ELEMENTS--GENERAL INFORMATION | |
| fixed length control field | 090810s2009 xxk f 000 0 eng d |
| 035 ## - SYSTEM CONTROL NUMBER | |
| System control number | (Sirsi) u148168 |
| 041 0# - LANGUAGE CODE | |
| Language code of text/sound track or separate title | eng |
| 050 04 - LIBRARY OF CONGRESS CALL NUMBER | |
| Classification number | 333.332 $2 18 |
| 110 2# - MAIN ENTRY--CORPORATE NAME | |
| Corporate name or jurisdiction name as entry element | Royal Institution of Chartered Surveyors |
| 9 (RLIN) | 4900 |
| 245 00 - TITLE STATEMENT | |
| Title | Red book |
| Remainder of title | exposure drafts August 2009 |
| Medium | [electronic resource] |
| 260 ## - PUBLICATION, DISTRIBUTION, ETC. | |
| Place of publication, distribution, etc. | London |
| Name of publisher, distributor, etc. | RICS |
| Date of publication, distribution, etc. | 2009 |
| 490 #0 - SERIES STATEMENT | |
| Series statement | RICS Practice Statement |
| 490 #0 - SERIES STATEMENT | |
| Series statement | RICS UK Practice Statement |
| 505 2# - FORMATTED CONTENTS NOTE | |
| Formatted contents note | Exposure draft: UKPS 1.12 Local authority asset valuations and UK appendix 1.5 Valuations of local authority assets -- Exposure draft: PS 4.3 Additional disclosures for valuations in which the public has an interest or upon which third parties may rely |
| 520 ## - SUMMARY, ETC. | |
| Summary, etc. | Exposure drafts of two practice statements which will become mandatory following the next revision of the Red Book in 2010. |
| 521 ## - TARGET AUDIENCE NOTE | |
| Target audience note | Advanced |
| 590 ## - LOCAL NOTE (RLIN) | |
| Local note | KA |
| 650 24 - SUBJECT ADDED ENTRY--TOPICAL TERM | |
| Topical term or geographic name entry element | RICS VALUATION STANDARDS |
| 651 #4 - SUBJECT ADDED ENTRY--GEOGRAPHIC NAME | |
| Geographic name | United Kingdom |
| Chronological subdivision | |
| 690 ## - LOCAL SUBJECT ADDED ENTRY--TOPICAL TERM (OCLC, RLIN) | |
| Topical term or geographic name as entry element | PROPERTY-PROPERTY APPRAISAL AND VALUATION |
| 856 40 - ELECTRONIC LOCATION AND ACCESS | |
| Uniform Resource Identifier | <a href="https://www.rics.org/RICSWEB/getpage.aspx?p=GfPgEx1LjEmoxKZB54ILgA">https://www.rics.org/RICSWEB/getpage.aspx?p=GfPgEx1LjEmoxKZB54ILgA</a> |
| Public note | View the exposure drafts free of charge at www.rics.org... |
| 942 ## - ADDED ENTRY ELEMENTS (KOHA) | |
| Suppress in OPAC | 0 |
| Withdrawn status | Lost status | Source of classification or shelving scheme | Damaged status | Not for loan | Home library | Current library | Shelving location | Date acquired | Total Checkouts | Full call number | Barcode | Date last seen | Copy number | Price effective from | Koha item type |
|---|---|---|---|---|---|---|---|---|---|---|---|---|---|---|---|
| Dewey Decimal Classification | Virtual | Virtual | Online | 10/08/2009 | ONLINE PUBLICATION | 148168-2001 | 06/08/2019 | 1 | 06/08/2019 | Book |